La educación y los mayores: el caso de Chile

-д хадгалсан:
Номзүйн дэлгэрэнгүй
Үндсэн зохиолч: Messina, Graciela (autora)
Бусад зохиолчид: Oteíza, Fidel (autor)
Формат: Ном
Хэл сонгох:испани
Хэвлэсэн: Santiago CIDE 1981
Нөхцлүүд:
Шошгууд: Шошго нэмэх
Шошго байхгүй, Энэхүү баримтыг шошголох эхний хүн болох!

MARC

LEADER 00000nam a2200000 a 4500
001 UCO2392
003 CL-VaPUC
008 000602e19810000CL |||||||||||||||||spa|d
082 0 4 |a 374  |b MES  |2 21 
100 |a Messina, Graciela  |e autora  |9 546904 
700 |a Oteíza, Fidel  |e autor  |9 445547 
245 1 3 |a La educación y los mayores: el caso de Chile 
300 |a 158 h 
942 |c BK 
945 |d 20000602 00:00:00  |a rbrito 
260 |a Santiago  |b CIDE  |c 1981 
650 0 |a Educación de adultos  |9 307580 
650 0 |a Tercera edad   |9 307285 
650 0 |a Educación en el hogar  |9 307975 
650 0 |a Adulto mayor  |9 311317 
583 |a last modification  |c 20000602 00:00:00  |k Rodrigo Vera 
999 |c 288917  |d 288915 
952 |0 0  |1 0  |4 0  |6 374_000000000000000_MES_1981  |7 0  |8 P  |9 336894  |a BIBEDU  |b BIBEDU  |c BIBEDU_PB  |d 2019-11-20  |i 3619737  |o 374 MES 1981  |p 3619737  |r 2024-01-25  |w 2019-11-20  |y BK  |k EPE 
952 |0 0  |1 0  |4 0  |6 374_000000000000000_MES_1981  |7 0  |8 P  |9 336895  |a BIBEDU  |b BIBEDU  |c BIBEDU_PB  |d 2019-11-20  |i 2783959  |o 374 MES 1981  |p 2783959  |r 2024-01-25  |w 2019-11-20  |y BK  |k EDU